Transparencia y probidad pública: estudios de caso de América Latina
Uloženo v:
| Hlavní autoři: | , |
|---|---|
| Médium: | Kniha |
| Jazyk: | španělština |
| Vydáno: |
Santiago
Centro de Derechos Humanos
2008
|
| Témata: | |
| Tagy: |
Přidat tag
Žádné tagy, Buďte první, kdo vytvoří štítek k tomuto záznamu!
|
MARC
| LEADER | 00000nam a2200000 a 4500 | ||
|---|---|---|---|
| 001 | UCI6887 | ||
| 003 | CL-VaPUC | ||
| 008 | 080530e20080000CL |||||||||||||||||spa|d | ||
| 020 | |a 9789561905900 | ||
| 082 | 0 | 4 | |a 323.98 |b ZAL |2 21 |
| 100 | 0 | |a Zalaquett D., José |e author |9 529939 | |
| 700 | 0 | |a Muñoz W., Alex |e author |9 529940 | |
| 245 | 1 | 0 | |a Transparencia y probidad pública: estudios de caso de América Latina |
| 300 | |a 287 p | ||
| 942 | |c BK | ||
| 945 | |d 20080530 00:00:00 |a jtorresc | ||
| 260 | |a Santiago |b Centro de Derechos Humanos |c 2008 | ||
| 650 | 0 | |a Derechos humanos |9 223025 | |
| 650 | 0 | |a Corrupción |9 328304 | |
| 650 | 7 | |a SISTEMAS DEMOCRATICOS |2 CL-VaPUC |9 529941 | |
| 650 | 0 | |a Democracia |9 255256 | |
| 651 | 0 | |a América Latina |9 255027 | |
| 583 | |a last modification |c 20080530 00:00:00 |k Rodrigo Vera | ||
| 999 | |c 330333 |d 330331 | ||
| 952 | |0 0 |1 0 |4 0 |6 323_980000000000000_ZAL_2008 |7 0 |8 A |9 415833 |a BIBCUR |b BIBCUR |d 2019-11-22 |i 4443829 |o 323.98 ZAL 2008 |p 4443829 |r 2025-04-22 |w 2019-11-22 |y BK |k PER | ||